000
00319nam a2200121Ia 4500
008
191201s2016 xx 000 0 und d
100
_a
JOHAR, K.L.
245
0
_a
Ajit Singh Rediscovered-an Exiled Revolutionary
260
_a
N. delhi
_b
Sneh Prakashan
_c
2016
300
_a
384
650
_a
General Books
942
_2
ddc
_c
BK
999
_c
6682
_d
6682